| 000 | 00768cam a22002653a 4500 | ||
|---|---|---|---|
| 001 | 26238 | ||
| 003 | PGUSA | ||
| 005 | 20140828083550.0 | ||
| 008 | 080809s2008||||xxu|||||s|||||000 1 eng d | ||
| 040 |
_aPGUSA _beng |
||
| 042 | _adc | ||
| 050 | 4 | _aPR | |
| 100 | 1 |
_aBraddon, M. E. _q(Mary Elizabeth), _d1835-1915 |
|
| 245 | 1 | 0 |
_aVixen, Volume III. _h[electronic resource] / _cM. E. Braddon |
| 260 |
_bProject Gutenberg, _c2008 |
||
| 506 | _aPublic domain in the USA. | ||
| 516 | _aElectronic text | ||
| 653 | _aPsychological fiction | ||
| 653 | _aEnglish fiction -- 19th century | ||
| 653 | _aWomen -- England -- Fiction | ||
| 653 | _aDomestic fiction | ||
| 830 | 0 |
_aProject Gutenberg _v26238 |
|
| 856 | 4 | 0 | _uhttp://www.gutenberg.org/ebooks/26238 |
| 942 | _cEB | ||
| 999 |
_c255493 _d255493 |
||